Sittlich handeln aus innerem Erleben: Moraltheologie und Psychodrama im Dialog über personale Erfahrung
| Main Author: | |
|---|---|
| Format: | Print Book |
| Language: | German |
| Subito Delivery Service: | Order now. |
| Check availability: | HBZ Gateway |
| WorldCat: | WorldCat |
| Interlibrary Loan: | Interlibrary Loan for the Fachinformationsdienste (Specialized Information Services in Germany) |
| Published: |
Würzburg
Echter
2011
|
| In: | Year: 2011 |
| Standardized Subjects / Keyword chains: | B
Moreno, J. L. 1892-1974
/ Psychodrama
/ Person
/ Experience
/ Theological anthropology
/ Moral theology
B Experience / Moral theology / Moreno, J. L. 1892-1974 / Psychodrama / Theological anthropology |
| Further subjects: | B
Thesis
|
| Online Access: |
Contents Table of Contents Blurb |
MARC
| LEADER | 00000cam a2200000 c 4500 | ||
|---|---|---|---|
| 001 | 1608068307 | ||
| 003 | DE-627 | ||
| 005 | 20251225193241.0 | ||
| 007 | tu | ||
| 008 | 110211s2011 gw ||||| m 00| ||ger c | ||
| 015 | |a 11,N03 |2 dnb | ||
| 016 | 7 | |a 1009364758 |2 DE-101 | |
| 020 | |a 9783429033231 |c Pb. : ca. EUR 29.00 (DE), ca. EUR 29.90 (AT), ca. sfr 41.90 (freier Pr.) |9 978-3-429-03323-1 | ||
| 024 | 3 | |a 9783429033231 | |
| 035 | |a (DE-627)1608068307 | ||
| 035 | |a (DE-576)337362467 | ||
| 035 | |a (DE-599)DNB1009364758 | ||
| 035 | |a (OCoLC)725449774 | ||
| 035 | |a (OCoLC)706854060 | ||
| 035 | |a (DE-604)BV036887701 | ||
| 040 | |a DE-627 |b ger |c DE-627 |e rakwb | ||
| 041 | |a ger | ||
| 044 | |c XA-DE-BY | ||
| 082 | 0 | |a 230 |q BSZ | |
| 082 | 0 | 4 | |a 230 |q DNB |
| 084 | |a 1 |2 ssgn | ||
| 084 | |a BK 2005 |2 rvk |0 (DE-625)rvk/11846: | ||
| 084 | |a BK 2110 |q BVB |2 rvk |0 (DE-625)rvk/11862: | ||
| 100 | 1 | |0 (DE-588)143416421 |0 (DE-627)646090526 |0 (DE-576)336945655 |4 aut |a Seidnader, Martin |d 1969- | |
| 109 | |a Seidnader, Martin 1969- | ||
| 245 | 1 | 0 | |a Sittlich handeln aus innerem Erleben |b Moraltheologie und Psychodrama im Dialog über personale Erfahrung |c Martin Seidnader |
| 263 | |a Erscheint: 26. Januar 2011 | ||
| 264 | 1 | |a Würzburg |b Echter |c 2011 | |
| 300 | |a 371 S. |c 232 mm x 153 mm | ||
| 336 | |a Text |b txt |2 rdacontent | ||
| 337 | |a ohne Hilfsmittel zu benutzen |b n |2 rdamedia | ||
| 338 | |a Band |b nc |2 rdacarrier | ||
| 502 | |a Zugl.: Benediktbeuern, Philos.-Theolog. Hochsch., Diss., 2010 | ||
| 583 | 1 | |a Archivierung/Langzeitarchivierung gewährleistet |f SSG |x XA-DE-BW |2 pdager |5 DE-21 | |
| 601 | |a Sittlichkeit | ||
| 655 | 7 | |a Hochschulschrift |0 (DE-588)4113937-9 |0 (DE-627)105825778 |0 (DE-576)209480580 |2 gnd-content | |
| 689 | 0 | 0 | |d p |0 (DE-588)118584014 |0 (DE-627)079378072 |0 (DE-576)209038934 |2 gnd |a Moreno, J. L. |d 1892-1974 |
| 689 | 0 | 1 | |d s |0 (DE-588)4047696-0 |0 (DE-627)106193864 |0 (DE-576)209074388 |2 gnd |a Psychodrama |
| 689 | 0 | 2 | |d s |0 (DE-588)4134819-9 |0 (DE-627)104563931 |0 (DE-576)20965550X |2 gnd |a Person |
| 689 | 0 | 3 | |d s |0 (DE-588)4015217-0 |0 (DE-627)106337580 |0 (DE-576)208910786 |2 gnd |a Erfahrung |
| 689 | 0 | 4 | |d s |0 (DE-588)4059766-0 |0 (DE-627)106142321 |0 (DE-576)209132183 |2 gnd |a Theologische Anthropologie |
| 689 | 0 | 5 | |d s |0 (DE-588)4074972-1 |0 (DE-627)106087797 |0 (DE-576)209195916 |2 gnd |a Moraltheologie |
| 689 | 0 | |5 DE-101 | |
| 689 | 1 | 0 | |d s |0 (DE-588)4015217-0 |0 (DE-627)106337580 |0 (DE-576)208910786 |2 gnd |a Erfahrung |
| 689 | 1 | 1 | |d s |0 (DE-588)4074972-1 |0 (DE-627)106087797 |0 (DE-576)209195916 |2 gnd |a Moraltheologie |
| 689 | 1 | 2 | |d p |0 (DE-588)118584014 |0 (DE-627)079378072 |0 (DE-576)209038934 |2 gnd |a Moreno, J. L. |d 1892-1974 |
| 689 | 1 | 3 | |d s |0 (DE-588)4047696-0 |0 (DE-627)106193864 |0 (DE-576)209074388 |2 gnd |a Psychodrama |
| 689 | 1 | 4 | |d s |0 (DE-588)4059766-0 |0 (DE-627)106142321 |0 (DE-576)209132183 |2 gnd |a Theologische Anthropologie |
| 689 | 1 | |5 (DE-627) | |
| 751 | |a Benediktbeuern |0 (DE-588)4005483-4 |0 (DE-627)106381318 |0 (DE-576)208861149 |4 uvp | ||
| 856 | 4 | 2 | |u http://deposit.dnb.de/cgi-bin/dokserv?id=3646817&prov=M&dok_var=1&dok_ext=htm |m X:MVB |q text/html |3 Inhaltstext |7 1 |
| 856 | 4 | 2 | |u http://d-nb.info/1009364758/04 |m B:DE-101 |q application/pdf |3 Inhaltsverzeichnis |7 1 |
| 856 | 4 | 2 | |u http://bvbr.bib-bvb.de:8991/F?func=service&doc_library=BVB01&doc_number=020802947&line_number=0002&func_code=DB_RECORDS&service_type=MEDIA |m V:DE-604 |q application/pdf |3 Klappentext |7 1 |
| 889 | |w (DE-627)644036826 | ||
| 935 | |a mteo | ||
| 935 | |i mdedup | ||
| 936 | r | v | |a BK 2005 |b Der menschlich-sittliche Akt, "indifferente Handlungen" |k Theologie und Religionswissenschaften |k Theologische Ethik/Moraltheologie |k Allgemeine Moraltheologie/Ethische Grundbegriffe |k Der menschlich-sittliche Akt, "indifferente Handlungen" |0 (DE-627)1270724908 |0 (DE-625)rvk/11846: |0 (DE-576)200724908 |
| 936 | r | v | |a BK 2110 |b Das handelnde Subjekt (Akt, Handlung, Gesinnung, Gewohnheit, Motiv, Verhaltensforschung) |k Theologie und Religionswissenschaften |k Theologische Ethik/Moraltheologie |k Allgemeine Moraltheologie/Ethische Grundbegriffe |k Das handelnde Subjekt (Akt, Handlung, Gesinnung, Gewohnheit, Motiv, Verhaltensforschung) |0 (DE-627)1270667939 |0 (DE-625)rvk/11862: |0 (DE-576)200667939 |
| 951 | |a BO | ||
| ELC | |b 1 | ||
| ITA | |a 1 |t 1 | ||
| LOK | |0 000 xxxxxcx a22 zn 4500 | ||
| LOK | |0 001 3133430084 | ||
| LOK | |0 003 DE-627 | ||
| LOK | |0 004 1608068307 | ||
| LOK | |0 005 20191001130036 | ||
| LOK | |0 008 110825||||||||||||||||ger||||||| | ||
| LOK | |0 040 |a DE-21 |c DE-627 |d DE-21 | ||
| LOK | |0 852 |a DE-21 | ||
| LOK | |0 852 1 |c 51 A 7431 |9 00 | ||
| LOK | |0 935 |a theo | ||
| LOK | |0 936ln |a t5.2 | ||
| LOK | |0 938 |a 1108 |f 2 | ||
| LOK | |0 939 |a 25-08-11 |b l01 | ||
| ORI | |a SA-MARC-ixtheoa001.raw | ||
| STA | 0 | 0 | |a Experience,Moral theology,Catholic ethics,Ethics,Christian ethics,Person,Psychodrama,Theological anthropology,Anthropology |
| STB | 0 | 0 | |a Anthropologie théologique,Expérience,Personne,Psychodrame,Théologie morale,Théologie morale |
| STC | 0 | 0 | |a Antropología teológica,Experiencia,Persona,Psicodrama,Teología moral |
| STD | 0 | 0 | |a Antropologia teologica,Esperienza,Persona,Psicodramma,Teologia morale |
| STE | 0 | 0 | |a 个人,个体,神学人论,经验,阅历,经历,道德神学,伦理神学 |
| STF | 0 | 0 | |a 個人,個體,神學人論,經驗,閱歷,經歷,道德神學,倫理神學 |
| STG | 0 | 0 | |a Antropologia teológica,Experiência,Pessoas,Psicodrama,Teologia moral |
| STH | 0 | 0 | |a Богословская антропология,Моральное богословие,Опыт,Психодрамма,Человек,Лицо |
| STI | 0 | 0 | |a Άτομο,Εμπειρία,Ηθική θεολογία,Θεολογική ανθρωπολογία,Ψυχόδραμα |
| SYG | 0 | 0 | |a Moreno, J.L.,1892-1974,Moreno, Jacob Levi,1892-1974,Moreno, Jacob L.,1892-1974,Moreno, Jakob Levy,1892-1974,Moreno, Jakob Lewy,1892-1974,Moreno, Jakob L.,1892-1974,Moreno-Levy, Jakob,1892-1974,Moreno Levy, Jakob,1892-1974,Levi Moreno, Jacob,1892-1974,Levi-Moreno, Jacob,1892-1974,Levy, Jacob Moreno,1892-1974,Levy, Jakob Moreno,1892-1974,Levy-Moreno, Jacob,1892-1974,Moreno, Jacob Levy,1892-1974,Levi, Jacob,1892-1974 , Rollenspiel , Erlebnis , Anthropologie,Christliche Anthropologie,Theologie , Katholische Ethik,Katholische Moraltheologie,Katholische Sittenlehre,Katholisch-Theologische Ethik , Erlebnis , Katholische Ethik,Katholische Moraltheologie,Katholische Sittenlehre,Katholisch-Theologische Ethik , Moreno, J.L.,1892-1974,Moreno, Jacob Levi,1892-1974,Moreno, Jacob L.,1892-1974,Moreno, Jakob Levy,1892-1974,Moreno, Jakob Lewy,1892-1974,Moreno, Jakob L.,1892-1974,Moreno-Levy, Jakob,1892-1974,Moreno Levy, Jakob,1892-1974,Levi Moreno, Jacob,1892-1974,Levi-Moreno, Jacob,1892-1974,Levy, Jacob Moreno,1892-1974,Levy, Jakob Moreno,1892-1974,Levy-Moreno, Jacob,1892-1974,Moreno, Jacob Levy,1892-1974,Levi, Jacob,1892-1974 , Rollenspiel , Anthropologie,Christliche Anthropologie,Theologie |